[Event "GRE-chT 50th"]
[Site "Nikaia"]
[Date "2023.08.25"]
[Round "1.6"]
[White "Tsekoura, Vaia"]
[Black "Kolovou, Christina"]
[Result "1-0"]
[WhiteElo "1769"]
[BlackElo "1233"]
[PlyCount "61"]
[EventDate "2023.08.25"]
[EventType "team"]
[EventRounds "9"]
[EventCountry "GRE"]
[SourceTitle "EXT 2024"]
[Source "ChessBase"]
[SourceDate "2023.10.10"]
[SourceVersion "1"]
[SourceVersionDate "2023.10.10"]
[SourceQuality "1"]
[WhiteTeam "Ames Neas Erythreas"]
[BlackTeam "Peristeriou PS"]
[WhiteTeamCountry "GRE"]
[BlackTeamCountry "GRE"]

1. e4 c5 2. Nf3 d6 3. d4 cxd4 4. Nxd4 Nf6 5. Nc3 g6 6. Be3 Bg7 7. f3 0-0 8. Qd2 Nc6 9. Bc4 Bd7 10. 0-0-0 Rc8 11. Nxc6 bxc6 12. Bh6 Qa5 13. h4 Bxh6 14. Qxh6 Qh5 15. Qe3 Kg7 16. g4 Qe5 17. h5 Rh8 18. h6+ Kg8 19. g5 Nh5 20. Rxh5 gxh5 21. f4 Qc5 22. Qxc5 dxc5 23. Rxd7 Kf8 24. Rxa7 e6 25. f5 Rd8 26. fxe6 fxe6 27. Bxe6 Ke8 28. Bf7+ Kf8 29. Bxh5 Kg8 30. e5 Kf8 31. Rf7+ 1-0

[Event "GRE-chT 49th"]
[Site "Thessaloniki"]
[Date "2022.08.13"]
[Round "3.2"]
[White "Kiousi, Panagiota"]
[Black "Tsekoura, Vaia"]
[Result "1-0"]
[WhiteElo "1878"]
[BlackElo "1678"]
[PlyCount "79"]
[EventDate "2022.08.12"]
[EventType "team-swiss"]
[EventRounds "7"]
[EventCountry "GRE"]
[SourceTitle "CBM 209 Extra"]
[Source "ChessBase"]
[SourceDate "2022.09.30"]
[SourceVersion "1"]
[SourceVersionDate "2022.09.30"]
[SourceQuality "1"]
[WhiteTeam "Eaao Fysiolatris Nikias"]
[BlackTeam "Ames Neas Erythreas"]
[WhiteTeamCountry "GRE"]
[BlackTeamCountry "GRE"]

1. d4 Nf6 2. c4 e6 3. Nc3 Bb4 4. e3 0-0 5. Bd2 d5 6. Rc1 b6 7. cxd5 exd5 8. Nf3 Bb7 9. Bd3 c6 10. 0-0 Bxc3 11. Bxc3 Ne4 12. Bb4 Re8 13. Nd2 Ba6 14. Nxe4 Bxd3 15. Qxd3 Rxe4 16. f3 Rh4 17. Be1 Rh6 18. e4 Nd7 19. e5 c5 20. f4 c4 21. Qf3 Nb8 22. f5 Nc6 23. Qg4 b5 24. Rc3 Qb6 25. Bf2 g6 26. Qf4 Rh5 27. g4 g5 28. Qd2 b4 29. Rf3 Rh6 30. Qxg5+ Kh8 31. Qxh6 Nxe5 32. Rh3 Qxh6 33. Rxh6 Nxg4 34. Rd6 Rg8 35. Bg3 Ne3 36. Rf3 Nd1 37. Kf1 Re8 38. Be5+ Kg8 39. Rg3+ Kf8 40. Rxd5 1-0

[Event "GRE-ch U18 Girls"]
[Site "Chania"]
[Date "2021.07.16"]
[Round "2"]
[White "Aleiferi, Aikaterini"]
[Black "Tsekoura, Vaia"]
[Result "0-1"]
[WhiteElo "1345"]
[BlackElo "1468"]
[PlyCount "66"]
[EventDate "2021.07.15"]
[EventType "swiss"]
[EventRounds "9"]
[EventCountry "GRE"]
[SourceTitle "EXT 2022"]
[Source "ChessBase"]
[SourceDate "2021.10.06"]
[SourceVersion "1"]
[SourceVersionDate "2021.10.06"]
[SourceQuality "1"]

1. d4 d5 2. Nf3 Nf6 3. e3 e6 4. b3 c5 5. Bb2 Bd6 6. Nbd2 Nc6 7. Bd3 0-0 8. 0-0 b6 9. Ne5 Bb7 10. f4 Ne7 11. Ndf3 Ne4 12. Bxe4 dxe4 13. Ng5 h6 14. Ngxf7 Rxf7 15. Nxf7 Kxf7 16. Qe2 Nd5 17. Rfe1 Rc8 18. a3 Qh4 19. g3 Qh3 20. Rad1 c4 21. Rf1 cxb3 22. cxb3 Ba6 23. Qxa6 Rc2 24. Rf2 Rxf2 25. Kxf2 Qxh2+ 26. Ke1 Nxe3 27. Qe2 Qxg3+ 28. Kd2 Nxd1 29. Kxd1 Qxb3+ 30. Qc2 Qxc2+ 31. Kxc2 Bxf4 32. Kd1 g5 33. Ke2 g4 0-1

[Event "GRE-ch U20 Girls"]
[Site "Trikala"]
[Date "2020.08.18"]
[Round "2"]
[White "Alexandri, Vasiliki"]
[Black "Tsekoura, Vaia"]
[Result "1-0"]
[WhiteElo "1371"]
[BlackElo "1658"]
[PlyCount "129"]
[EventDate "2020.08.17"]
[EventType "swiss"]
[EventRounds "9"]
[EventCountry "GRE"]
[SourceTitle "CBM 198 Extra"]
[Source "ChessBase"]
[SourceDate "2020.11.30"]
[SourceVersion "1"]
[SourceVersionDate "2020.11.30"]
[SourceQuality "1"]

1. d4 d5 2. c4 e6 3. Nc3 Nf6 4. Bg5 Be7 5. e3 b6 6. Nf3 0-0 7. Qc2 Bb7 8. Bxf6 Bxf6 9. cxd5 exd5 10. 0-0-0 Nd7 11. Bd3 h6 12. h4 c5 13. g4 c4 14. Bf5 g6 15. Bxd7 Qxd7 16. g5 hxg5 17. hxg5 Bg7 18. Ne5 Bxe5 19. dxe5 Qe6 20. f4 Kg7 21. Rh6 Rg8 22. Rh7+ Kf8 23. Nb5 Rd8 24. Nd6 Rxd6 25. exd6 Qxe3+ 26. Qd2 Qc5 27. Qc3 Qxd6 28. Qxc4 Qe7 29. Qc3 Qd6 30. Qa3 Qxa3 31. bxa3 b5 32. Re1 Bc8 33. Reh1 Be6 34. Rh8 a5 35. Rxg8+ Kxg8 36. Kb2 a4 37. Rd1 Kf8 38. Rd4 Ke7 39. Rb4 Bd7 40. Kc3 Kd6 41. Kd4 Bc6 42. Rb2 Bd7 43. Rh2 Bf5 44. Rb2 Bd7 45. Rc2 Bf5 46. Rc5 Bb1 47. Rxb5 Bxa2 48. Rb6+ Kd7 49. Rb4 Bb3 50. Rb6 Bc4 51. Ke5 Bb3 52. Rd6+ Ke7 53. Rb6 Ke8 54. Rb7 Bc4 55. Kd6 Kf8 56. Rb8+ Kg7 57. Ke5 Bb3 58. Rd8 Bc4 59. Rxd5 Bxd5 60. Kxd5 f5 61. Ke6 Kf8 62. Kf6 Ke8 63. Kxg6 Kd7 64. Kxf5 Kc6 65. g6 1-0

[Event "GRE-ch U12 Girls"]
[Site "Rio Achaia"]
[Date "2018.07.04"]
[Round "2"]
[White "Tsekoura, Vaia"]
[Black "Tsakona, Maria"]
[Result "0-1"]
[WhiteElo "1196"]
[BlackElo "1427"]
[PlyCount "102"]
[EventDate "2018.07.03"]
[EventType "swiss"]
[EventRounds "9"]
[EventCountry "GRE"]
[SourceTitle "EXT 2019"]
[Source "ChessBase"]
[SourceDate "2018.10.10"]
[SourceVersion "1"]
[SourceVersionDate "2018.10.10"]
[SourceQuality "1"]

1. e4 c5 2. Nc3 Nc6 3. g3 g6 4. Bg2 Bg7 5. d3 Rb8 6. Be3 d6 7. f4 b5 8. Rb1 b4 9. Nce2 Qa5 10. Nf3 Qxa2 11. b3 Qa5 12. 0-0 Nf6 13. h3 Qb5 14. Nd2 a5 15. Nc4 Be6 16. e5 dxe5 17. fxe5 Nd7 18. d4 cxd4 19. Bxc6 Qxc6 20. Nxd4 Qa6 21. Nxe6 Qxe6 22. Kh2 Ra8 23. Qf3 0-0 24. Qf2 Nxe5 25. Nb6 Rab8 26. Na4 Nd7 27. Rbe1 Qc6 28. Nc5 e6 29. Nxd7 Qxd7 30. Rd1 Qc7 31. Bc5 Rfc8 32. Bd6 Qxc2 33. Bxb8 Qxf2+ 34. Rxf2 Rxb8 35. Rfd2 Bf6 36. Rd7 Kg7 37. R1d6 e5 38. Ra6 Bd8 39. Rd5 Rc8 40. Rad6 Bf6 41. h4 e4 42. Rxa5 Rc3 43. Raa6 Be5 44. Rdb6 Rxg3 45. Kh1 Rxb3 46. Ra5 Bc7 47. Rab5 Bxb6 48. Rxb6 Rb1+ 49. Kg2 b3 50. Kf2 b2 51. Ke2 Rh1 0-1

[Event "GRE-ch U12 Girls"]
[Site "Achaia"]
[Date "2017.06.27"]
[Round "2"]
[White "Nikolakopoulou, Eleni"]
[Black "Tsekoura, Vaia"]
[Result "0-1"]
[WhiteElo "1065"]
[BlackElo "1116"]
[PlyCount "88"]
[EventDate "2017.06.26"]
[EventType "swiss"]
[EventRounds "9"]
[EventCountry "GRE"]
[SourceTitle "CBM 179 Extra"]
[Source "ChessBase"]
[SourceDate "2017.08.23"]
[SourceVersion "1"]
[SourceVersionDate "2017.08.23"]
[SourceQuality "1"]

1. d4 d5 2. c4 e6 3. Nc3 Nf6 4. Bf4 c6 5. e3 Be7 6. Nf3 0-0 7. Bd3 b6 8. 0-0 Bb7 9. e4 c5 10. cxd5 exd5 11. e5 Ne4 12. Qc2 Nxc3 13. bxc3 h6 14. Rfe1 Nc6 15. Bd2 Bc8 16. e6 Bxe6 17. Ne5 Nxe5 18. Rxe5 Bf6 19. Re3 cxd4 20. Re2 dxc3 21. Bxc3 Rc8 22. Bxf6 Qxf6 23. Qd1 Rc3 24. Rc1 Rxc1 25. Qxc1 Rc8 26. Qd1 Qg5 27. Rc2 Rxc2 28. Qxc2 g6 29. a3 Bf5 30. Bxf5 Qxf5 31. Qxf5 gxf5 32. Kf1 Kf8 33. Ke2 b5 34. Kd3 Ke7 35. Ke3 a5 36. Kd4 Kd6 37. g3 b4 38. axb4 axb4 39. f3 Kc6 40. h3 Kb5 41. Kd3 Ka4 42. Kc2 Ka3 43. Kb1 d4 44. Kc2 Ka2 0-1